Culture Générale - Série 240 - Statistiques

Statistiques générales
  • Ce quiz a été pris 361 fois
  • Le résultat moyen est 5 sur 10
Statistiques - réponses
Question Réponse % Correct
Selon l'expression, de quelle couleur est la matière quand on parle de l'intelligence ? Grise
95%
Dans quel pays se trouve la place Tian'anmen ? La Chine
86%
Quelle locution latine signifie "par ma faute" ? Mea culpa
69%
Quel est le nom de la célèbre promenade de Cannes située en front de mer ? La Croisette
60%
Qui a créé l'Académie Française en 1634 ? Richelieu
59%
A quelle civilisation sont consacrés les livres de Christian Jacq ? Egyptienne
43%
Quel mot espagnol désigne un amateur de courses de taureaux ? Aficionado
33%
Dans quelle chanson Herbert Léonard veut-il "refaire d'un homme un enfant..." ? Pour le plaisir
28%
En 2005, qui chante "Anaïs Nin" en duo avec Romane Serda ? Renaud
27%
Quel prêtre Jean-Paul Belmondo incarne-t-il au cinéma en 1961 ? Léon Morin
16%
Aucun quiz correspondant
Distribution des résultats
% des personnes avec chaque résultat
Percentile par nombre de réponses
Votre historique - résultats
Vous n’avez pas pris ce quiz